Breve historia de la aparición y culto de Nuestra Señora de Ocotlán (Record no. 9046)

MARC details
000 -CABECERA
campo de control de longitud fija 00898nam a2200229 a 4500
001 - NÚMERO DE CONTROL
campo de control BRL_233
005 - FECHA Y HORA DE LA ÚLTIMA TRANSACCIÓN
campo de control 20190320210639.0
008 - DATOS DE LONGITUD FIJA--INFORMACIÓN GENERAL
campo de control de longitud fija 240613s1947----mx-a######---#000-0#spa-#
041 ## - CÓDIGO DE LENGUA
Código de lengua del texto/banda sonora o título independiente spa
044 ## - CÓDIGO DEL PAÍS DE LA ENTIDAD EDITORA/PRODUCTORA
Código MARC del país mx
050 #4 - SIGNATURA TOPOGRÁFICA DE LA BIBLIOTECA DEL CONGRESO
Número de clasificación BT660.O28
Número de documento/Ítem .B74 1947
245 10 - MENCIÓN DE TÍTULO
Título Breve historia de la aparición y culto de Nuestra Señora de Ocotlán
Mención de responsabilidad, etc. extractada de la que escribió el M. I. Señor Don Nicanor Quirós y Gutiérrez y arreglada por el Párroco y Capellán de la Colegiata, Don José Ignacio Cortés.
260 ## - PUBLICACIÓN, DISTRIBUCIÓN, ETC.
Lugar de publicación, distribución, etc. Ocotlán, Tlaxcala, México
Nombre del editor, distribuidor, etc. [s.n.]
Fecha de publicación, distribución, etc. 1947
300 ## - DESCRIPCIÓN FÍSICA
Extensión 31 p.
Dimensiones 24 cm.
500 ## - NOTA GENERAL
Nota general Au55
650 14 - PUNTO DE ACCESO ADICIONAL DE MATERIA--TÉRMINO DE MATERIA
Término de materia o nombre geográfico como elemento de entrada Ocotlán, Nuestra Señora de
Subdivisión general Historia
9 (RLIN) 23306
651 #4 - PUNTO DE ACCESO ADICIONAL DE MATERIA--NOMBRE GEOGRÁFICO
Nombre geográfico Ocotlán, Tlaxcala
Subdivisión general Vida religiosa y costumbres
Subdivisión geográfica México
9 (RLIN) 23307
700 1# - PUNTO DE ACCESO ADICIONAL--NOMBRE DE PERSONA
Nombre de persona Quirós y Gutiérrez, Nicanor
9 (RLIN) 23308
700 1# - PUNTO DE ACCESO ADICIONAL--NOMBRE DE PERSONA
Nombre de persona Cortés, José Ignacio
Títulos y otros términos asociados al nombre Párroco y Capellán
9 (RLIN) 23309
902 ## - CATALOGADOR
Iniciales GRL
942 ## - ELEMENTOS DE PUNTO DE ACCESO ADICIONAL (KOHA)
Fuente del sistema de clasificación o colocación Library of Congress Classification
Tipo de ítem Koha Libros
Holdings
Estado de retiro Estado de pérdida Estado dañado No para préstamo Localización permanente Ubicación/localización actual Fecha de adquisición Número de inventario Total de préstamos Signatura topográfica completa Código de barras Fecha visto por última vez Precio válido a partir de Tipo de ítem Koha
El ejemplar forma parte de la colección y puede ser consultado según las políticas vigentes.       Biblioteca Centro de Estudios Ruth D. Lechuga Biblioteca Centro de Estudios Ruth D. Lechuga 24/06/2013 Au55   BT660.O28 .B74 1947 (Au55) GRL00246 22/03/2019 22/03/2019 Libros